Neural Networks Algorithms, Application, and programming Techniques (Record no. 23111)
[ view plain ]
| 000 -LEADER | |
|---|---|
| fixed length control field | 00484nam a22001577a 4500 |
| 003 - CONTROL NUMBER IDENTIFIER | |
| control field | NUST |
| 008 - FIXED-LENGTH DATA ELEMENTS--GENERAL INFORMATION | |
| fixed length control field | 150522b xxu||||| |||| 00| 0 eng d |
| 020 ## - INTERNATIONAL STANDARD BOOK NUMBER | |
| International Standard Book Number | 8178081083 |
| 038 ## - RECORD CONTENT LICENSOR | |
| Staff Name | Nusrat Nadeem |
| 082 ## - DEWEY DECIMAL CLASSIFICATION NUMBER | |
| Classification number | 006.3 |
| 100 ## - MAIN ENTRY--PERSONAL NAME | |
| Personal name | Freedman, James A. / David M. Skapura |
| 9 (RLIN) | 21539 |
| 245 ## - TITLE STATEMENT | |
| Title | Neural Networks Algorithms, Application, and programming Techniques |
| Remainder of title | Freedman, James A. / David M. Skapura |
| 260 ## - PUBLICATION, DISTRIBUTION, ETC. | |
| Place of publication, distribution, etc. | India |
| Name of publisher, distributor, etc. | PEARSON |
| Date of publication, distribution, etc. | 1991 |
| 538 ## - SYSTEM DETAILS NOTE | |
| Display text | Supercomputing Lab |
| 942 ## - ADDED ENTRY ELEMENTS (KOHA) | |
| Koha item type | Book |
| Source of classification or shelving scheme | |
| Withdrawn status | Lost status | Damaged status | Not for loan | Permanent Location | Current Location | Shelving location | Date acquired | Total Checkouts | Full call number | Barcode | Date last seen | Date last checked out | Price effective from | Koha item type |
|---|---|---|---|---|---|---|---|---|---|---|---|---|---|---|
| School of Interdisciplinary Engineering and Sciences (SINES) | School of Interdisciplinary Engineering and Sciences (SINES) | General Stacks | 03/01/2013 | 3 | 006.3FRE | RCMS000044 | 08/16/2016 | 08/16/2016 | 01/05/2017 | Book |
